| 000 | 00958cam a22002531 4500 | ||
|---|---|---|---|
| 001 | e 38000160 | ||
| 003 | DLC | ||
| 005 | 20260227111227.0 | ||
| 008 | 790216s1930 paua j 000 0 eng c | ||
| 010 | _ae 38000160 | ||
| 035 | _a(OCoLC)4660106 | ||
| 040 |
_aU.S. Off. of educ. Library _cNcU _dNcU _dOCoLC _dDLC |
||
| 050 | 0 | 0 |
_aPE1117 _b.R7 vol. 4 |
| 100 | 1 |
_aRowland, Sydney Vanferson, _ecomp. |
|
| 245 | 1 | 0 |
_aNew trails, _cby Sydney V. Rowland, William Dodge Lewis and Elizabeth J. Marshall; illustrated by Maud and Miska Petersham. Book IV. |
| 260 |
_aPhiladelphia, _bJohn C. Wilson _c[c1930] |
||
| 300 |
_axi, [1], 372 p. _billus. (part col.) _c20 cm. |
||
| 500 | _aIllustrated lining-papers. | ||
| 500 | _aOne of a series of new basal readers for the intermediate grades. cf. Foreword. | ||
| 500 | _aContains bibliographies. | ||
| 650 | 0 | _aReaders. | |
| 700 | 1 |
_aLewis, William Dodge, _d1870-1960. |
|
| 700 | 1 |
_aMarshall, Elizabeth J. _ejoint comp. |
|
| 999 |
_c21588 _d21588 |
||